School Districts of Allegheny County, PA Quiz Stats

 Plays Quiz not verified by Sporcle

Score 0/45 Timer 10:00
0 Plays Today
% Correct
North Allegheny (8,064)
93.2%
Pittsburgh Public (26,000) Approximate
92.1%
Mt. Lebannon (5,302)
88.3%
North Hills (4,412)
84.7%
Upper St. Clair (4,087)
84.4%
West Allegheny (3,238)
83.3%
Bethel Park (4,770)
82.4%
Fox Chapel (4,381)
82%
Penn Hills (4,503)
82%
Woodland Hills (4,374)
80.7%
East Allegheny (1,908)
80.5%
Moon Area (3,721)
79.5%
Pine-Richland (4,548)
78.8%
Shaler Area (4,965)
77.8%
Plum Borough (4,390)
77.4%
Gateway (3,982)
77.2%
South Allegheny (1,581)
76.8%
McKeesport Area (3,946)
74.7%
Hampton Township (3,113)
70.3%
South Park (2,142)
70.2%
Keystone Oaks (2,175)
69.9%
Baldwin-Whitehall (4,203)
69.5%
Quaker Valley (1,995)
69.1%
% Correct
Duquesne City (475) K-8
68.1%
Montour (2,964)
67.9%
Sto-Rox (1,417)
66.5%
West Mifflin Area (3,179)
66.5%
Chartiers Valley (3,421)
66%
South Fayette Township (2,385)
63.9%
Clairton City (737)
63%
Elizabeth Forward (2,583)
62.3%
Wilkinsburg (1,407)
61.9%
Steel Valley (1,851)
60.6%
Brentwood Borough (1,264)
59.5%
Deer Lakes (1,955)
57.5%
Avonworth (1,409)
56.5%
Penn-Trafford (4,476) Partially in Westmoreland County
56.5%
Riverview (1,086)
56.5%
Cornell (699)
55.3%
Northgate (1,294)
54.6%
Carlynton (1,453)
54.3%
West Jefferson Hills (2,913)
50.1%
Highlands (2,766)
49.5%
Fort Cherry (1,186) Partially in Washington County
45.6%
Allegheny Valley (1,109)
44.4%

You're not logged in!

Compare scores with friends on all Sporcle quizzes.
OR
Log In

You Might Also Like...

Show Comments

Extras

Top Quizzes Today


Score Distribution

Your Account Isn't Verified!

In order to create a playlist on Sporcle, you need to verify the email address you used during registration. Go to your Sporcle Settings to finish the process.

Report this User

Report this user for behavior that violates our Community Guidelines.

Details: